Deadpool and Wolverine Rap Lyrics - Statistics

General Stats
  • This quiz has been taken 439 times
  • The average score is 90 of 179
Answer Stats
Answer % Correct
Dead
95%
Wolverine
91%
A
90%
Deadpool
90%
I
90%
You
83%
And
77%
I'm
75%
Me
75%
Slow
72%
Old
70%
Come
68%
You're
68%
The
66%
At
64%
Bro
64%
No
63%
Rugged
63%
Green
59%
That
59%
Red
58%
Yellow
58%
Can
56%
Gruff
56%
Like
56%
Mid
55%
Not
55%
Hero
54%
In
54%
So
54%
We
54%
Deadpool's
53%
Shut
49%
Up
49%
Black
48%
Loser
48%
Chops
47%
Mutton
47%
Heal
45%
Cat
44%
Get
44%
Just
44%
Time
44%
Yes
44%
Claws
43%
Kitty
43%
Line
43%
Record
43%
Hey
42%
Whole
42%
Boomer
41%
Bud
41%
Have
41%
Movies
41%
Retract
40%
Ten
40%
Be
38%
Love
38%
Okay
38%
People
37%
Fuck
35%
Oh
35%
X-Men
35%
Lantern
34%
Was
34%
Wow
34%
It
32%
Bomb
31%
Is
31%
What
31%
Are
30%
Nice
30%
Penis
30%
Stupid
30%
Take
30%
Weight
30%
Back
29%
Hurts
29%
Kidding
29%
Micro
29%
Do
28%
Great
28%
Logan
28%
Mean
28%
My
28%
Worst
28%
Am
26%
Both
26%
First
26%
Really
26%
We're
26%
Agree
25%
Has
25%
Name
25%
Title
25%
Trash
25%
Well
25%
On
24%
Comes
23%
Can't
22%
Go
22%
Wrexham
19%
Child
17%
Genius
17%
Better
15%
There
15%
Wrong
15%
Though
14%
Debate
13%
Then
13%
Wolverine's
13%
Fine
10%
Gone
10%
No matching quizzes found
Score Distribution
Percent of People with Each Score
Percentile by Number Answered
Your Score History
You have not taken this quiz